[Event "Dortmund Sparkassen op 47th"]
[Site "Dortmund"]
[Date "2019.07.18"]
[Round "6"]
[White "Schriewer, Thomas"]
[Black "Winterberg, Andreas"]
[Result "1/2-1/2"]
[WhiteElo "2004"]
[BlackElo "1956"]
[PlyCount "110"]
[EventDate "2019.07.13"]
[EventType "swiss"]
[EventRounds "9"]
[EventCountry "GER"]
[SourceTitle "EXT 2020"]
[Source "ChessBase"]
[SourceDate "2019.10.17"]
[SourceVersion "1"]
[SourceVersionDate "2019.10.17"]
[SourceQuality "1"]

1. d4 Nf6 2. Bf4 d5 3. e3 Bg4 4. Nf3 e6 5. c4 c6 6. Qb3 Qb6 7. c5 Qxb3 8. axb3 Bxf3 9. gxf3 Nbd7 10. b4 Nh5 11. Bg3 Nxg3 12. hxg3 a6 13. b5 cxb5 14. Bxb5 0-0-0 15. Bd3 Kc7 16. f4 Be7 17. Nc3 Nb8 18. b4 Nc6 19. Rb1 h6 20. b5 axb5 21. Nxb5+ Kd7 22. Nc3 Kc7 23. Kd2 Ra8 24. Rb2 Rhb8 25. Rhb1 Ra5 26. Bb5 Raa8 27. Na4 Na5 28. Nb6 Ra7 29. f3 Nc6 30. Kc3 Ra3+ 31. Rb3 Ra2 32. R1b2 Ra1 33. Rb1 Ra2 34. R3b2 Ra3+ 35. Kd2 Na7 36. Bd3 Nc6 37. Rb3 Ra2+ 38. R1b2 Ra1 39. Rb1 Ra2+ 40. R3b2 Ra3 41. Rh1 Bf6 42. Rhb1 Be7 43. Bb5 Bf6 44. Na4 Bxd4 45. exd4 Nxd4 46. Nc3 Nxf3+ 47. Kc2 Nd4+ 48. Kd3 Nf5 49. g4 Ne3 50. Kxe3 Rxc3+ 51. Kd4 Rf3 52. Rf1 Rg3 53. Be2 Ra8 54. Rfb1 Ra7 55. Rb3 Ra4+ 1/2-1/2

[Event "Ruhrgebiet Verbandsklasse Gruppe 3 1819"]
[Site "Nordrheinwestfalen"]
[Date "2019.03.24"]
[Round "8.3"]
[White "Winterberg, Andreas"]
[Black "Hustert, Volker"]
[Result "1/2-1/2"]
[WhiteElo "1981"]
[BlackElo "1911"]
[PlyCount "40"]
[EventDate "2018.09.23"]
[EventType "team-tourn"]
[EventRounds "9"]
[EventCountry "GER"]
[SourceTitle "EXT 2022"]
[Source "ChessBase"]
[SourceDate "2021.10.06"]
[SourceVersion "1"]
[SourceVersionDate "2021.10.06"]
[SourceQuality "1"]
[WhiteTeam "Waltrop SV"]
[BlackTeam "Witten"]
[WhiteTeamCountry "GER"]
[BlackTeamCountry "GER"]

1. e4 c5 2. c3 Nf6 3. e5 Nd5 4. d4 cxd4 5. cxd4 d6 6. Nf3 Nc6 7. Bc4 Nb6 8. Bb5 a6 9. Bxc6+ bxc6 10. exd6 exd6 11. 0-0 Be7 12. Qc2 Bd7 13. Nc3 0-0 14. Bf4 Bg4 15. Nd2 Bf6 16. Qd3 Bg5 17. Bxg5 Qxg5 18. Nde4 Qg6 19. h3 Bf5 20. Qf3 Bxe4 1/2-1/2

[Event "Ruhrgebiet Verbandsklasse Gruppe 3 1819"]
[Site "Nordrheinwestfalen"]
[Date "2018.12.02"]
[Round "4.3"]
[White "Schulz, Hartmut"]
[Black "Winterberg, Andreas"]
[Result "1/2-1/2"]
[WhiteElo "2026"]
[BlackElo "1987"]
[PlyCount "42"]
[EventDate "2018.09.23"]
[EventType "team-tourn"]
[EventRounds "9"]
[EventCountry "GER"]
[SourceTitle "EXT 2022"]
[Source "ChessBase"]
[SourceDate "2021.10.06"]
[SourceVersion "1"]
[SourceVersionDate "2021.10.06"]
[SourceQuality "1"]
[WhiteTeam "Brambauer"]
[BlackTeam "Waltrop SV"]
[WhiteTeamCountry "GER"]
[BlackTeamCountry "GER"]

1. d4 d5 2. Nf3 Nf6 3. Bf4 c5 4. e3 Nc6 5. c3 Qb6 6. Qb3 c4 7. Qc2 Bf5 8. Qc1 h6 9. h3 e6 10. Nbd2 Be7 11. Be2 Rc8 12. 0-0 0-0 13. Re1 Qd8 14. Ne5 Ne4 15. Bf3 Nxe5 16. Bxe5 Ng5 17. Bg4 Bxg4 18. hxg4 b5 19. Qc2 f5 20. gxf5 exf5 21. f3 Rc6 1/2-1/2

[Event "Ruhrgebiet Verbandsklasse Gruppe 2 1617"]
[Site "Germany"]
[Date "2017.01.29"]
[Round "6.1"]
[White "Heisterkamp, Oliver"]
[Black "Winterberg, Andreas"]
[Result "1/2-1/2"]
[WhiteElo "1997"]
[BlackElo "1968"]
[PlyCount "47"]
[EventDate "2016.09.04"]
[EventType "team-tourn"]
[EventRounds "9"]
[EventCountry "GER"]
[SourceTitle "EXT 2022"]
[Source "ChessBase"]
[SourceDate "2021.10.06"]
[SourceVersion "1"]
[SourceVersionDate "2021.10.06"]
[SourceQuality "1"]
[WhiteTeam "Osterfeld Schwarze Dame"]
[BlackTeam "Waltrop SV"]
[WhiteTeamCountry "GER"]
[BlackTeamCountry "GER"]

1. Nf3 d5 2. g3 c5 3. Bg2 Nc6 4. c4 e6 5. 0-0 Nf6 6. cxd5 exd5 7. d3 Be7 8. Bg5 h6 9. Bf4 0-0 10. Nc3 d4 11. Nb1 Nd5 12. Bd2 Be6 13. a4 Ndb4 14. Bxb4 Nxb4 15. Nbd2 Bd5 16. Ne1 Bxg2 17. Nxg2 Re8 18. Rc1 Rc8 19. Ne1 Qd7 20. a5 Bg5 21. Nef3 Bxd2 22. Nxd2 Qd5 23. Re1 Rc6 24. Qb3 1/2-1/2

[Event "Ruhrgebiet Verbandsklasse Gruppe 1 1415"]
[Site "Germany"]
[Date "2015.01.18"]
[Round "5"]
[White "Winterberg, Andreas"]
[Black "Schiefelbusch, Dirk"]
[Result "1/2-1/2"]
[WhiteElo "1906"]
[BlackElo "2047"]
[PlyCount "40"]
[EventDate "2014.09.21"]
[EventType "team-tourn"]
[EventRounds "9"]
[EventCountry "GER"]
[SourceTitle "EXT 2022"]
[Source "ChessBase"]
[SourceDate "2021.10.06"]
[SourceVersion "1"]
[SourceVersionDate "2021.10.06"]
[SourceQuality "1"]
[WhiteTeam "Waltrop SV"]
[BlackTeam "Dortmund Hansa III"]
[WhiteTeamCountry "GER"]
[BlackTeamCountry "GER"]

1. e4 c5 2. d4 cxd4 3. c3 dxc3 4. Nxc3 Nc6 5. Nf3 e6 6. Bc4 d6 7. 0-0 Nf6 8. Qe2 a6 9. Rd1 Qc7 10. Bf4 Ne5 11. Bb3 Be7 12. Rac1 Qb8 13. Na4 Nfd7 14. Bxe5 dxe5 15. Rxd7 Bxd7 16. Nb6 Bb5 17. Bc4 0-0 18. Bxb5 axb5 19. Nxa8 Qxa8 20. Qxb5 Qxa2 1/2-1/2